000 00725nam a2200253Ia 4500
003 OSt
005 20220924114351.0
006 a|||||r|||| 00| 0
007 ta
008 220923b |||||||| |||| 00| 0 ara d
024 _a339740
037 _cTextual
040 _aARTS
_cARTS
_bara
041 _2ara
_aara
082 _aO28,6x, L8
100 _aAl-Momin Habib Au.
_9173198
245 0 _aMin tala'i yaqzat-al-ummah-al-Arabiya
260 _aBaghdad
_bMaktaba-al-wataniya Iraq
_c1978
300 _a111p.
_ccm.
650 _aARABIC PROSE
700 _a Minhal Ali Ajeel Au.
_9173199
942 _hO28,6x, L8
_cTEXL
_2CC
999 _c393223
_d393223